Manual del orientador académico. Guía básica sobre sus funciones de apoyo a los participantes en los cursos de educación superior a distancia
Este manual es un aporte pedagógico y editorial de la Escuela Rodrigo Lara Bonilla, dentro del conjunto de acciones encaminadas a mejorar la calidad de los servicios de esa entidad educativa dependiente del Ministerio de Justicia.
Uloženo v:
| Korporativní autor: | |
|---|---|
| Médium: | Kniha |
| Jazyk: | Spanish |
| Vydáno: |
Bogotá:
Imprenta Nacional de Colombia,
1992
|
| Edice: | Colección Carlos Medellín
|
| Témata: | |
| On-line přístup: | Enlace del recurso |
| Tagy: |
Přidat tag
Žádné tagy, Buďte první, kdo vytvoří štítek k tomuto záznamu!
|
MARC
| LEADER | 00000nam a2200000 a 4500 | ||
|---|---|---|---|
| 001 | 001244 | ||
| 008 | 030926s1992 ck a fr# o000|0#spa#d | ||
| 041 | 0 | |a spa | |
| 043 | |a s-ck--- | ||
| 082 | 0 | 4 | |a 378.03 |b C545m |
| 110 | 1 | |a Colombia. |b Ministerio de Justicia. |b Escuela Judicial Rodrigo Lara Bonilla | |
| 245 | 1 | 0 | |a Manual del orientador académico. Guía básica sobre sus funciones de apoyo a los participantes en los cursos de educación superior a distancia |c Escuela Judicial Rodrigo Lara Bonilla |
| 260 | |a Bogotá: |b Imprenta Nacional de Colombia, |c 1992 | ||
| 300 | |a 42 p.: |b il. | ||
| 440 | 0 | |a Colección Carlos Medellín | |
| 504 | |a Incluye bibliografía. | ||
| 520 | 3 | |a Este manual es un aporte pedagógico y editorial de la Escuela Rodrigo Lara Bonilla, dentro del conjunto de acciones encaminadas a mejorar la calidad de los servicios de esa entidad educativa dependiente del Ministerio de Justicia. | |
| 650 | 1 | 4 | |a UNIVERSIDAD A DISTANCIA |z COLOMBIA |
| 650 | 1 | 4 | |a EDUCACIÓN ABIERTA |
| 999 | |c 3396 |d 3396 | ||
| 856 | |u https://catalogo.idep.edu.co/cgi-bin/koha/opac-detail.pl?biblionumber=3396 |z Enlace del recurso | ||